Utah Jazz 2000's Starters - Statistics

General Stats
  • This quiz has been taken 200 times
    165 since last reset
  • The average score is 9 of 23
Answer Stats
Player Starts % Correct
John Stockton 4
95%
Karl Malone 4
95%
Andrei Kirilenko 4
86%
Deron Williams 4
84%
Carlos Boozer 3
71%
Greg Ostertag 2
58%
Mehmet Okur 4
57%
Jeff Hornacek 1
53%
Bryon Russell 2
49%
Paul Millsap 1
42%
Matt Harpring 3
26%
Ronnie Brewer 3
21%
Derek Fisher 1
19%
Jarron Collins 3
15%
C.J. Miles 1
12%
DeShawn Stevenson 1
12%
Donyell Marshall 2
12%
Olden Polynice 2
12%
Carlos Arroyo 1
11%
John Starks 1
9%
Calbert Cheaney 1
5%
Gordan Giriček 2
5%
Keith McLeod 1
3%
No matching quizzes found
Score Distribution
Percent of People with Each Score
Percentile by Number Answered
Your Score History
You have not taken this quiz since the last reset